000
00229 a2200097 4500
001
40870
100
_a
Elliott S P
245
_a
New Illus encyclopedia of Knowledge
260
_a
N Work
_b
Porthand House
_c
090
_c
25130
_d
25130
942
_a
NUST-CAE
_c
M
_c
16815
999
_c
275943
_d
275943